Lord of the Rings Hobbits of the Shire by Picture - Statistics

General Stats
  • This quiz has been taken 66 times
  • The average score is 6 of 6
Answer Stats
Picture Answer % Correct
Frodo
100%
Bilbo
98%
Sam
97%
Pippin
95%
Merry
93%
Rose
83%
No matching quizzes found
Score Distribution
Percent of People with Each Score
Percentile by Number Answered
Your Score History
You have not taken this quiz